Statistics for The 25 most beautiful cities in the world

Click here to take the quiz!

General Stats

  • This quiz has been taken 57 times
    (19 since last reset)
  • The average score is 11 of 25

Answer Stats

Hint Answer % Correct
#1Paris
94%
#8London
94%
#2Rome
94%
#12Barcelona
82%
#3Venice
76%
#4Prague
59%
#5Florence
59%
#22Budapest
59%
#10Amsterdam
53%
#14Vienna
53%
#15Lisbon
53%
#18Stockholm
53%
#23Rio de Janeiro
47%
#19Dublin
47%
#17Athens
35%
#9Istanbul
35%
#13Edinburgh
29%
#21Dubrovnik
18%
#6Kyoto
18%
#25Zurich
18%
#7Saint Petersburg
12%
#24Salzburg
12%
#11Bruges
6%
#16Bordeaux
0%
#20Nice
0%

Score Distribution

Percentile by Number Answered

Percent of People with Each Score

Your Score History

You have not taken this quiz since the last reset